000 00670nam a2200181 a 4500
001 BRCA_1195
005 20190320203325.0
008 801209s1991 ve-a---###---#000-0#spa-#
020 _a9802160857
040 _aDLC
_cDLC
_dDLC
050 4 _aN910.C25
_b.D93 1991
100 1 _aDuarte, Carlos F.
_92686
245 1 0 _aMuseo de Arte Colonial de Caracas
_bQuinta de Anauco
_cinvestigación histórica y catalogación por Carlos F. Duarte ; editores Ernesto Armitano y Carlos F. Duarte.
260 _aCaracas
_bGrupo Universo
_c1991
300 _a359 p.
_bil. (algunas a color)
_c27 cm.
610 2 4 _aMuseo de Arte Colonial de Caracas
_xColecciones de arte
_93929
942 _2lcc
_cB
999 _c1068
_d1068